000
00269nam a22000977a 4500
999
_c
516980
_d
516980
082
_a
TNC
100
_a
Adiseshiah, Malcolm S.
_9
23859
245
_a
Mid - year review of the economy 1990-91
_c
by Malcolm S. Adiseshiah
260
_a
Delhi
_b
Konark Pub.
_c
1991
300
_a
190p.